Piłkarze którzy grali zarówno w Barcelonie i Realu Madryt - Statystyki

Ogólne statystyki
  • Ten quiz został rozwiązany 1 216 razy
  • Średni wynik to 3 z 10
Statystyki odpowiedzi
Piłkarz % Poprawnych
Luis Figo
88%
Ronaldo
86%
Luis Enrique
26%
Samuel Etoo
25%
Michael Laudrup
11%
Javier Saviola
10%
Gheorghe Hagi
7%
Bernd Schuster
4%
Julen Lopetegui
1%
Robert Prosinecki
1%
Nie znaleziono quizów pasujących do podanych kryteriów
Rozkład punktacji
Procent ludzi z każdym wynikiem
Percentyl według liczby udzielonych odpowiedzi
Twoja historia wyników
Nie rozwiązałeś tego quizu